Making all things equal (Record no. 73312)
[ view plain ]
| 000 -LEADER | |
|---|---|
| fixed length control field | 01592cam a2200265 4500 |
| 001 - CONTROL NUMBER | |
| control field | ABS67012 |
| 008 - FIXED-LENGTH DATA ELEMENTS--GENERAL INFORMATION | |
| fixed length control field | 030901n2003 000 0 eng u |
| 035 ## - SYSTEM CONTROL NUMBER | |
| System control number | (Sirsi) u123420 |
| 100 ## - MAIN ENTRY--PERSONAL NAME | |
| Personal name | Jones, A. |
| 245 ## - TITLE STATEMENT | |
| Title | Making all things equal |
| 260 ## - PUBLICATION, DISTRIBUTION, ETC. | |
| Date of publication, distribution, etc. | 2003 |
| 490 ## - SERIES STATEMENT | |
| Series statement | RICS Business |
| Volume/sequential designation | July/August 2003, 30-32(3) |
| 520 ## - SUMMARY, ETC. | |
| Summary, etc. | Describes RICS activities and initiatives with regard to removing barriers to women entering and staying in the property industry. Only 10% of chartered surveyors worldwide are female with even lower figures in some areas such as construction. This compares with 13% of chartered accountants and 36% of solicitors. With the launch of the Raising the Ratio campaign in 2001 and the publication of the extensive commissioned survey "The surveying profession as a career" (J123352) in 2003 RICS has demonstrated its commitment to encouraging employers to act responsibly and provide a clear and accessible route to promotion open to women within their company or organisation. Also points out the difficulties in the industry with regard to flexible working and the retention of women after the age of 35-40. Lists some websites of value to women working in property. |
| 590 ## - LOCAL NOTE (RLIN) | |
| Local note | ABS |
| 650 ## - SUBJECT ADDED ENTRY--TOPICAL TERM | |
| Topical term or geographic name entry element | CONSTRUCTION INDUSTRY |
| 650 ## - SUBJECT ADDED ENTRY--TOPICAL TERM | |
| Topical term or geographic name entry element | PROPERTY INDUSTRY |
| 650 ## - SUBJECT ADDED ENTRY--TOPICAL TERM | |
| Topical term or geographic name entry element | WOMEN SURVEYORS |
| 650 ## - SUBJECT ADDED ENTRY--TOPICAL TERM | |
| Topical term or geographic name entry element | RICS RAISING THE RATIO CAMPAIGN |
| 650 ## - SUBJECT ADDED ENTRY--TOPICAL TERM | |
| Topical term or geographic name entry element | EQUAL OPPORTUNITIES |
| 650 ## - SUBJECT ADDED ENTRY--TOPICAL TERM | |
| Topical term or geographic name entry element | CAREERS, EDUCATION AND TRAINING |
| 650 ## - SUBJECT ADDED ENTRY--TOPICAL TERM | |
| Topical term or geographic name entry element | SURVEYING SERVICES |
| 690 ## - LOCAL SUBJECT ADDED ENTRY--TOPICAL TERM (OCLC, RLIN) | |
| Topical term or geographic name as entry element | MANAGEMENT-BUSINESS MANAGEMENT-PROFESSIONAL PRACTICE |
| 700 ## - ADDED ENTRY--PERSONAL NAME | |
| Personal name | Teller, T. |
| 942 ## - ADDED ENTRY ELEMENTS (KOHA) | |
| Suppress in OPAC | 0 |
| Withdrawn status | Lost status | Source of classification or shelving scheme | Damaged status | Not for loan | Home library | Current library | Shelving location | Date acquired | Total Checkouts | Full call number | Barcode | Date last seen | Copy number | Price effective from | Koha item type |
|---|---|---|---|---|---|---|---|---|---|---|---|---|---|---|---|
| Dewey Decimal Classification | London | London | Journal article | 01/09/2003 | ABS67012 | 123420-1001 | 06/08/2019 | 1 | 06/08/2019 | Journal article | |||||
| Dewey Decimal Classification | Virtual | Virtual | Online | 05/09/2003 | ONLINE PUBLICATION | 123420-2001 | 06/08/2019 | 1 | 06/08/2019 | Journal article |